| 000 | 00471 a2200109 4500 | ||
|---|---|---|---|
| 001 | ART_15662 | ||
| 005 | 20260410161918.0 | ||
| 008 | 260409a | ||
| 245 | 1 | 0 | _aExteriorización en el dominio de la contabilidad microsocial de impactos vinculados con redes de inclusión laboral de jóvenes |
| 100 | 1 | _aPiacquadío, Cecilia | |
| 773 | 0 |
_tDocumentos de trabajo de contabilidad, auditoría y responsabilidad social _g- Año 2, Nº 3 (jun. 2012) _wREV14385 |
|
| 999 |
_c27448 _d27448 |
||